[Event "Reykjavik Chess Congress 2019"]
[Site "Reykjavik"]
[Date "2019.02.03"]
[Round "9"]
[White "Ptacnikova, Lenka"]
[Black "Viglundsson, Bjorgvin"]
[Result "0-1"]
[WhiteElo "2187"]
[BlackElo "2092"]
[Annotator "TA"]
[PlyCount "82"]
[EventDate "2019.01.09"]
[EventType "swiss"]
[EventCountry "ISL"]
[SourceTitle "playchess.com"]
[Source "ChessBase"]
[SourceQuality "1"]

{[%evp 15,82,4,10,-12,-5,-8,0,0,-5,-107,-103,-99,-106,-108,-108,-104,-94,-136,-43,-118,-119,-122,-108,-150,-159,-228,-198,-202,-208,-179,-143,-246,-167,-179,-152,-136,-155,-148,-62,-64,-57,-47,-51,-60,-50,-373,-366,-394,-390,-535,-525,-529,-503,-538,-529,-490,-298,-594,-543,-900,-555,-578,-566,-29961,-29949,-5414,-5414,-29986,-5527]} 1. Nf3 (1. e4 c5 {0-1 (37) Amin,B (2689)-Vachier Lagrave,M (2789) Riadh 2017}) 1... c5 $146 ({Predecessor:} 1... Nf6 2. g3 b6 3. Bg2 Bb7 4. O-O e6 5. d3 Be7 6. e4 d6 7. Re1 {½-½ (45) Drygalov,A (2339)-Lysyj,I (2668) Cheliabinsk 2016}) 2. e4 e6 (2... d6 3. g3 b6 4. Bg2 Bb7 5. d3 Nf6 6. O-O {0-1 (37) Amin,B (2689)-Vachier Lagrave,M (2789) Riadh 2017}) 3. d3 b6 4. g3 Bb7 5. Bg2 d6 6. O-O Nf6 7. Re1 Be7 8. Nbd2 O-O 9. h4 {A05: Réti Opening: 1 Nf3 Nf6} (9. c3 Nc6 10. a3 Rc8 11. d4 cxd4 12. cxd4 b5 13. e5 Nd5 14. Ne4 b4 15. Qd3 dxe5 16. dxe5 Nb6 17. Nd6 Rc7 {0-1 (37) Amin,B (2689)-Vachier Lagrave,M (2789) Riadh 2017}) ({Predecessor:} 9. Nf1 Qc7 {½-½ (45) Drygalov,A (2339)-Lysyj,I (2668) Cheliabinsk 2016}) 9... Qc7 10. Nf1 Nc6 11. Ne3 {The position is equal.} ({Predecessor:} 11. N1h2 Rad8 12. g4 Nd7 13. g5 Nde5 14. Bf4 Nxf3+ 15. Nxf3 e5 16. Be3 Bc8 {½-½ (45) Drygalov,A (2339)-Lysyj,I (2668) Cheliabinsk 2016}) 11... Rfe8 12. g4 (12. a3 $11) 12... d5 $17 13. g5 dxe4 14. Nd2 Nd5 {...exd3 is the strong threat.} 15. Nxe4 Rad8 16. Ng4 {[#]} Nf4 (16... Nd4 $1 $17 17. a3 Nf4 18. Bxf4 Qxf4 19. Nef6+ gxf6 20. Bxb7 fxg5) 17. Ngf6+ {[#]} (17. Bxf4 $15 Qxf4 18. Ng3) 17... Bxf6 $1 ({Much worse is} 17... gxf6 $6 18. gxf6 Bf8 19. Qg4+ Ng6 20. h5 $11) 18. gxf6 g6 19. Bf1 Nd4 20. Bd2 (20. c3 $17 Nf5 21. Qf3) 20... e5 $19 21. Bxf4 exf4 22. c3 Ne6 23. Bh3 (23. Qg4 $17) 23... Qe5 24. Qf3 Nf8 25. Bg2 Ba8 26. Re2 Bxe4 (26... Ne6 $17 27. Qh3 Bxe4 28. Rxe4 Qxf6) 27. Rxe4 $15 {[%mdl 64] Double Attack} Qxf6 {Hoping for ...Rxe4.} 28. Rxf4 Qe7 29. h5 Ne6 {[%cal Bf8e6,Be6g5,Bg5e4][%mdl 32]} 30. Re4 $2 {[%mdl 8192]} (30. Rg4 $15) 30... Ng5 $19 {[%mdl 64] Double Attack, Discovered Attack} 31. Qg3 Nxe4 32. Bxe4 {[#]} c4 $1 33. hxg6 (33. dxc4 Qxe4) 33... hxg6 34. Rd1 cxd3 35. Bxd3 Qe5 36. Qf3 $2 (36. Qxe5 {was forced.} Rxe5 37. Kf1) 36... Rd6 37. Rb1 Rf6 38. Qh3 Kg7 39. Rd1 Rh8 40. Qg2 Rh5 41. Kf1 Rh2 {Accuracy: White = 28%, Black = 59%.} (41... Rg5 $142 42. Qxg5 Qxg5 43. Be2 Qg3 44. f3 Rf5 45. Rd2 Re5 46. c4 Rg5 47. Bd1 Qh3+ 48. Ke1 Rg1+ 49. Kf2 Rg2+ 50. Ke3 Qe6+ {[%mdl 64] Double Attack} 51. Kd4 Qd7+ 52. Kc3 Qxd2+ {[%mdl 64] Double Attack} 53. Kb3 a5 54. Be2 Rxe2 55. a3 Qc2+ 56. Ka2 Qxb2#) 0-1